01228pam a2200373 ia4500001001400000003000400014005001700018008004100035015001400076020002300090020002800113040002900141082001200170100003600182245005100218264007000269300004900339336002100388337002500409338002300434490003200457504002600489610001000515651002900525651002000554651003600574651003200610651003600642651002500678651004100703651003700744651004100781830003200822vtls000768163PNM20201112114708.0150414s2016 my o g 000 0 may  aM16-01262 a9789670834085qset a9789670834092qhardback aBNMbengcBNMerdadPPAK04a9592230 aMaruwiah Ahmat,d1968-eauthor.10aBRUNEI DARUSSALAM & FILIPINA /cMARUWIAH AHMAT 1aSeri Kembangan, Selangor :bPUSTAKA DASAR JAYA SDN. BHD.,c[2016] avi, 98 pages :bcolour photographs ;c31 cm. atext2rdacontent aunmediated2rdamedia avolume2rdacarrier1 aSIRI INFO ASAS NEGARA ASEAN aBibliography: page 9820aASEAN 0aSoutheast AsiaxHistory. 0aBruneixHistory 0aBruneixPolitics and government 0aBruneixEconomic conditions 0aBruneixSocial life and customs 0aPhilippinesxHistory 0aPhilippinesxPolitics and government 0aPhilippinesxEconomic conditions 0aPhilippinesxSocial life and customs 0aSiri info asas negara ASEAN